Kraje, w których jest street view Google - Statystyki

Ogólne statystyki
  • Ten quiz został rozwiązany 542 razy
    27 od ostatniego zresetowania
  • Średni wynik to 69 z 107
Statystyki odpowiedzi
Kontynent Odpowiedź % Poprawnych
Oceania Australia
93%
Azja Japonia
93%
Oceania Nowa Zelandia
93%
Azja i Europa Rosja
93%
Europa Bośnia i Hercegowina
86%
Europa Bułgaria
86%
Azja Chiny
86%
Europa Chorwacja
86%
Europa Estonia
86%
Europa Finlandia
86%
Europa i Afryka Hiszpania
86%
Azja Indie
86%
Azja Izrael
86%
Azja Korea Południowa
86%
Europa Litwa
86%
Europa Łotwa
86%
Europa Norwegia
86%
Europa Rumunia
86%
Europa Szwecja
86%
Azja i Europa Turcja
86%
Europa Włochy
86%
Europa Andora
79%
Ameryka Południowa Argentyna
79%
Europa Austria
79%
Ameryka Południowa Brazylia
79%
Ameryka Południowa Chile
79%
Europa Czechy
79%
Europa Grecja
79%
Azja i Oceania Indonezja
79%
Europa Irlandia
79%
Europa Islandia
79%
Ameryka Północna Kanada
79%
Europa Liechtenstein
79%
Azja Malezja
79%
Ameryka Północna Meksyk
79%
Azja Oman
79%
Europa Polska
79%
Afryka Republika Południowej Afryki
79%
Europa San Marino
79%
Europa Słowacja
79%
Ameryka Północna i Oceania Stany Zjednoczone
79%
Europa Wegry
79%
Europa i inne kontynenty Wielka Brytania
79%
Azja Zjednoczone Emiraty Arabskie
79%
Europa Albania
71%
Europa Belgia
71%
Europa Białoruś
71%
Europa i Ameryka Północna Dania
71%
Europa i inne kontynenty Francja
71%
Europa i Ameryka Północna Holandia
71%
Azja i Europa Kazachstan
71%
Ameryka Południowa Kolumbia
71%
Europa Niemcy
71%
Afryka Nigeria
71%
Azja Pakistan
71%
Ameryka Południowa Peru
71%
Europa Serbia
71%
Europa Słowenia
71%
Europa Szwajcaria
71%
Europa Ukraina
71%
Ameryka Południowa Urugwaj
71%
Azja Wietnam
71%
Europa Czarnogóra
64%
Afryka Egipt
64%
Ameryka Południowa Ekwador
64%
Azja Katar
64%
Europa Luksemburg
64%
Europa Monako
64%
Europa Portugalia
64%
Azja Tajlandia
64%
Azja Irak
57%
Europa Macedonia Północna
57%
Europa Malta
57%
Azja Nepal
57%
Ameryka Północna i Ameryka Południowa Panama
57%
Ameryka Południowa Paragwaj
57%
Azja Tajwan
57%
Azja Bhutan
50%
Ameryka Południowa Boliwia
50%
Azja Filipiny
50%
Azja Kirgistan
50%
Azja Laos
50%
Azja Sri Lanka
50%
Afryka Tunezja
50%
Azja Bangladesz
43%
Azja Kambodża
43%
Afryka Kenia
43%
Azja Liban
43%
Afryka Senegal
43%
Azja Singapur
43%
Ameryka Północna Dominikana
36%
Afryka Ghana
36%
Ameryka Północna Gwatemala
36%
Azja Jordania
36%
Afryka Lesotho
36%
Afryka Mali
36%
Azja Mongolia
36%
Oceania Vanuatu
36%
Afryka Eswatini
29%
Ameryka Północna Kostaryka
29%
Afryka Tanzania
29%
Afryka Botswana
21%
Afryka Madagaskar
21%
Afryka Rwanda
21%
Afryka Uganda
21%
Afryka Namibia
14%
Afryka Wyspy Świętego Tomasza i Książęca
7%
Nie znaleziono quizów pasujących do podanych kryteriów
Rozkład punktacji
Procent ludzi z każdym wynikiem
Percentyl według liczby udzielonych odpowiedzi
Twoja historia wyników
Nie rozwiązałeś tego quizu od ostatniego zresetowania